000 01562cam a2200433Ia 4500
001 401668097
003 OSt
005 20140310182516.0
006 m d
007 cr cnu||||||||
008 090617s2009 gw a sb 001 0 eng d
020 _a9783540794790
020 _a3540794794
020 _a9783540794806 (ebook)
020 _a3540794808 (ebook)
035 _a(OCoLC)401668097
040 _aN$T
_beng
_cN$T
_dOCLCQ
_dHNK
049 _aHNKA
050 4 _aRC 920
_b.G942 2009
082 0 4 _a617.575/07/572
100 1 _aGuglielmi, G.
_q(Giuseppe),
_d1957-
_99202
245 1 0 _aHigh-resolution radiographs of the hand:
_h[electronic resource] /
_cGiuseppe Guglielmi, Wilfred C.G. Peh, Mario Cammisa.
260 _aBerlin :
_bSpringer,
_cc2009.
300 _a175 p. :
_bill. ;
500 _aDescription based on print version record.
504 _aIncludes bibliographical references (p. 169) and index.
650 0 _aHand
_xRadiography.
_99203
650 0 _aWrist
_xRadiography.
_99204
650 0 _aHand
_xRadiography
_vAtlases.
_99205
650 0 _aWrist
_xRadiography
_vAtlases.
_99206
700 1 _aPeh, Wilfred C. G.,
_d1958-
_99207
700 1 _aCammisa, M.
_q(Mario)
_99208
740 0 _aSpringerLink (E-books)
776 0 8 _iPrint version:
_aGuglielmi, G. (Giuseppe), 1957-
_tHigh-resolution radiographs of the hand.
_dBerlin : Springer, c2009
_z9783540794790
_z3540794794
_z9783540794806
_z3540794808
_w(DLC) 2008928137
_w(OCoLC)298509046.
910 _adl
942 _2lcc
_cSSLC
948 _a.b11057828
999 _c13970
_d13970